Logo BPK

Biblioteka

Politechniki Koszalińskiej

Neustanovivsesja temperaturnye polja i naprjazenija w tonkich plastinkach / (Rekord nr 14528)

Szczegóły MARC
000 -ETYKIETA REKORDU
podpole kontrolne o stałej długości 00400nam a2200145 i 4500
001 - NUMER KONTROLNY REKORDU
pole kontrolne bg
040 ## - ŹRÓDŁO KATALOGOWANIA
Instytucja, która utworzyła rekord BPK
041 ## - KOD JĘZYKA
Kod języka tekstu pol
008 - POLE O STAŁEJ DŁUGOŚCI - DANE KONTROLNE
podpole kontrolne o stałej długości s pl f |000 0 pol
100 1# - NAZWA OSOBOWA
Nazwa osobowa PODSTRIGAC, J. S.
245 #0 - TYTUŁ/ODPOWIEDZIALNOŚĆ
Tytuł Neustanovivsesja temperaturnye polja i naprjazenija w tonkich plastinkach /
Pozostałe elementy strefy tytułu i oznaczenia odpowiedzialności J.S. Podstrigac, J.M. Koljano.
260 ## - STREFA ADRESU WYDAWNICZEGO
Miejsce wydania Kiew,
Data publikacji, dystrybucji/powstania dokumentu 1972.
700 1# - HASŁO DODATKOWE - NAZWA OSOBOWA
Nazwa osobowa KOLJANO, J. M.
856 ## - LOKALIZACJA I DOSTĘP DO ELEKTRONICZNYCH DOKUMENTÓW ZDALNYCH
Link (URL) http://koha.tu.koszalin.pl/cgi-bin/koha/opac-detail.pl?biblionumber=14528
Tekst linku Katalog online BPK
942 ## - DODATKOWE ELEMENTY (KOHA)
Typ dokumentu Książka
Egzemplarze
Wycofany Status egzemplarza Uszkodzony Dostępność Lokalizacja stała Lokalizacja bieżąca Miejsce przechowywania Sygnatura Kod kreskowy Typ dokumentu Numer ubytku
      Dostępny Biblioteka Politechniki Koszalińskiej Biblioteka Politechniki Koszalińskiej Wypożyczalnia BG 14193 01721454 Książka  
  Egz. niedostępny   Niedostępny Biblioteka Politechniki Koszalińskiej Biblioteka Politechniki Koszalińskiej   15263 01727746 Książka 8834
© 2023 Biblioteka Politechniki Koszalińskiej :: KOHA